[Event "Ulan-Ude Baikal op 13th"]
[White "Sandanov, Tumen"]
[Black "Turusova, Kira"]
[Site "Ulan-Ude"]
[Round "2"]
[Result "1-0"]
[Date "2017.07.19"]
[WhiteElo "1641"]
[BlackElo "1332"]
[PlyCount "60"]
[EventDate "2017.07.18"]
[EventType "swiss"]
[EventRounds "9"]
[EventCountry "RUS"]
[SourceTitle "EXT 2018"]
[Source "ChessBase"]
[SourceDate "2017.10.13"]
[SourceVersion "1"]
[SourceVersionDate "2017.10.13"]
[SourceQuality "1"]

1. e4 e5 2. Nf3 Nc6 3. Bb5 d6 4. d4 Bd7 5. Nc3 Nf6 6. 0-0 g6 7. dxe5 Nxe5 8. Nxe5 dxe5 9. Qf3 Bxb5 10. Nxb5 Bg7 11. Rd1 Qe7 12. Bg5 0-0 13. c3 Rfc8 14. Rd2 a6 15. Na3 Qe6 16. Rad1 Re8 17. b3 b5 18. Nc2 h6 19. Bxf6 Qxf6 20. Nb4 Qxf3 21. gxf3 Kh7 22. Rd7 c5 23. Nc6 f6 24. R1d6 a5 25. Rxf6 Rf8 26. Rff7 Rxf7 27. Rxf7 Kh8 28. Re7 Rf8 29. Nxe5 Bxe5 30. Rxe5 Rc8 1-0

[Event "Ulan-Ude Baikal op 13th"]
[White "Maximov, Vadim"]
[Black "Turusova, Kira"]
[Site "Ulan-Ude"]
[Round "1"]
[Result "1-0"]
[Date "2017.07.18"]
[WhiteElo "1820"]
[BlackElo "1332"]
[PlyCount "55"]
[EventDate "2017.07.18"]
[EventType "swiss"]
[EventRounds "9"]
[EventCountry "RUS"]
[SourceTitle "EXT 2018"]
[Source "ChessBase"]
[SourceDate "2017.10.13"]
[SourceVersion "1"]
[SourceVersionDate "2017.10.13"]
[SourceQuality "1"]

1. c4 e5 2. b3 Nf6 3. Bb2 Nc6 4. Nc3 Bc5 5. g3 d6 6. Bg2 a6 7. e3 Be6 8. Nge2 Rb8 9. d4 exd4 10. exd4 Bb6 11. d5 Bxd5 12. Nxd5 Nxd5 13. cxd5 Ba5+ 14. Kf1 Ne5 15. Bd4 0-0 16. f4 Nd7 17. Rc1 Rc8 18. a3 Bb6 19. Bf3 Qe7 20. b4 Bxd4 21. Qxd4 f6 22. Rc3 Rf7 23. Kf2 Qf8 24. Rhc1 Qd8 25. Qa7 Nb6 26. Qxb6 cxb6 27. Rxc8 Qxc8 28. Rxc8+ 1-0